000 00786nam a2200229Ii 4500
003 JO-AjNU
005 20240110123502.0
008 230605s9999||||xx |||||||||||||| ||und||
017 _a2011/1/109
040 _aJO-AjNU
_bara
_erda
_cJO-AjNU
041 _aara
050 1 4 _aDS154.53.M846.A3 2011
100 3 _aالمومني، عبد الكريم عبدالله,
_eauthor
_931938
245 0 0 _aتراث وأحداث سبعين عاما من تاريخ الأردن الحديث ( سيرة حياة )
264 3 1 _aعمان: المؤلف، 2011
300 _a448ص
_bصور فوتوغرافية
336 _atext
_btxt
_2rdacontent
337 _aunmediated
_bn
_2rdamedia
338 _avolume
_bnc
_2rdacarrier
650 4 _aالاردن- تاريخ حديث
_931939
942 _2lcc
_cBK
999 _c16400
_d16400